000 00755nam a2200229 a 4500
003 PILC
005 20160205151103.0
008 110110s19uu xx 00 eng d
020 _a9780840032492
050 _aBF 636.6
_b.Sm6 2011
100 _aSmaby, Marlowe.
245 _aBasic and advanced counseling skills :
_bthe skilled counselor training model /
_cMarlowe Smaby.
260 _aAustralia :
_bCengage Learning,
_c2011.
300 _a285 pages ;
_c25 cm.
500 _aIncludes appendices, bibliographical references and indexes.
650 _aCounselors-Training of.
650 _aCouseling-Study and teaching.
650 _aCouseling-Theories and practices.
700 _aCleborne D. Maddux.
942 _cBK
_2lcc
_kFOR
999 _c24260
_d24260